000 00842nam a22002417a 4500
003 OSt
005 20250815085808.0
006 a
008 240729b |||||||| |||| 00| 0 eng d
020 _a978053338509
040 _aDWCL-Main Lib.
_cOC
082 _aCirc. 641.591 J52n 2009
100 _aJenkins, Nancy Harmon
245 _aThe new mediterranean diet cookbook :
_ba delicious alternative for lifelong health/
_cNancy Harmon Jenkins & Marion Nestle
260 _a[place of of publication not identified] :
_bRandom House Publishing,
_cc2009.
300 _axiii, 496 pages :
_billustrations ;
_c26cm.
504 _aIncludes index.
650 _a1. Cookery --- Mediterranean.
650 _a 2. Diet --- Mediterranean Region.
650 _a3. Low Fat diet ---Recipe.
700 _aNestle, Marion
942 _2ddc
_cBK-CIRC
_kCir.
_n0
999 _c2921
_d2921